000 00824nam a2200229Ia 4500
005 20260430150802.0
008 008 250103s9999 xx 000 0 hin d
037 _aTheses
040 _aCRL
040 _bhin
040 _chin
041 _2hin
041 _ahin
084 _qCRL
100 _aगुप्ता, श्रवण कुमार, ले.
_9868801
245 0 _aसंस्कृत काव्यशास्त्र और रीतिकालील लक्षण ग्रन्थों के बीच समानता एवं असमानता
260 _c2022
300 _a514पृ0
700 _aदिल्ली विश्वविद्यालय. कला संकाय. हिन्दी विभाग
942 _cTH
999 _c1850767
_d1850767